The Kite Runner/ (Record no. 64486)

MARC details
000 -LEADER
fixed length control field 00381nam a22001457a 4500
005 - DATE AND TIME OF LATEST TRANSACTION
control field 20120214105859.0
020 ## - INTERNATIONAL STANDARD BOOK NUMBER
International Standard Book Number 9780747566533
Terms of availability 000.00
035 ## - SYSTEM CONTROL NUMBER
System control number B-218172
037 ## - SOURCE OF ACQUISITION
Stock number dpl
100 ## - MAIN ENTRY--PERSONAL NAME
Personal name Hosseini,Khaled
245 ## - TITLE STATEMENT
Title The Kite Runner/
Statement of responsibility, etc By Khaled Hosseini
260 ## - PUBLICATION, DISTRIBUTION, ETC. (IMPRINT)
Place of publication, distribution, etc London
Name of publisher, distributor, etc Bloomsbury Publishing
Date of publication, distribution, etc 2003
300 ## - PHYSICAL DESCRIPTION
Extent vii,324p.
Dimensions 22 cms.
942 ## - ADDED ENTRY ELEMENTS (KOHA)
Source of classification or shelving scheme Dewey Decimal Classification
Item type English Books
Classification part N
Call number suffix HOS

No items available.


© Delhi Public Library
Hit Counter
free hit counter